000 00858nam a2200253Ia 4500
003 OSt
005 20220923224120.0
006 a|||||r|||| 00| 0
007 ta
008 220922b |||||||| |||| 00| 0 hin d
024 _a225,814
037 _cTextual
040 _aARTS
_cARTS
_bhin
041 _2hin
_ahin
082 _aO791,3x, 152P4
100 _aकार्तिकेय, ललित, संपा.
245 0 _aलातिन अमेरिकी कहानियां
246 _aLātin amerikī kahāniyāan
260 _aमुंबई
_b संवाद प्रकाशन
_c2004
300 _a139पृ.
_ccm.
650 _aहिन्दी साहित्य
_9156264
942 _hO791,3x, 152P4
_cTEXL
_2CC
999 _c369346
_d369346